000 00293nam a22001337a 4500
020 _a978-184646-927-5
082 _a823
_bBAX/J
100 _aBAXTER, NICOLA
245 _aJACK AND DIGGER HELPS PUT
260 _aUK
_bLADYBIRD
300 _a28
650 _aENGLISH SHORT STORY
_zUK
942 _cBK
999 _c4489
_d4489